000 00592nam a2200193Ia 4500
999 _c10134
_d10134
003 OSt
005 20191221111604.0
008 190216s9999||||xx |||||||||||||| ||und||
020 _a9780195644593
040 _coclc
082 _a338.954
_bDRE/I
100 _aDreze, Jean
_9583
245 0 _aIndian Development Selected Regional Perspectives /
_cJean Dreze ; Amartya Sen
260 _bOxford University Press,
_c1998.
_aDelhi:
300 _a420p
650 _aEconomics
700 1 _9639
_aSen, Amartya,
_d1933-
942 _cBK
_2ddc
_h338.954
_iDRE/I
_k338.954
_mDRE/I